[Event "US Cadet Championship Blitz"]
[Site "Manchester, NH"]
[Date "2017.08.17"]
[Round "9.3"]
[White "Huang, Andy"]
[Black "Yip, Carissa"]
[Result "0-1"]
[BlackElo "2187"]
[WhiteElo "2178"]
[LiveChessVersion "1.4.8"]

1. Nf3 {[%clk 0:05:03]} d5 {[%clk 0:05:02]} 2. e3 {[%clk 0:05:02]} e6
{[%clk 0:04:59]} 3. c4 {[%clk 0:05:01]} Nf6 {[%clk 0:05:00]} 4. b3
{[%clk 0:05:03]} c5 {[%clk 0:04:59]} 5. Bb2 {[%clk 0:05:02]} Nc6 {[%clk 0:05:00]}
6. cxd5 {[%clk 0:05:03]} exd5 {[%clk 0:05:01]} 7. d4 {[%clk 0:05:05]} Be7
{[%clk 0:04:58]} 8. Be2 {[%clk 0:05:05]} O-O {[%clk 0:04:58]} 9. O-O
{[%clk 0:05:07]} Ne4 {[%clk 0:04:53]} 10. Nc3 {[%clk 0:05:04]} Bf6
{[%clk 0:04:50]} 11. Na4 {[%clk 0:04:51]} Bg4 {[%clk 0:04:35]} 12. dxc5
{[%clk 0:04:28]} Bxb2 {[%clk 0:04:32]} 13. Nxb2 {[%clk 0:04:29]} Nc3
{[%clk 0:04:25]} 14. Qd3 {[%clk 0:04:15]} Nxe2+ {[%clk 0:04:22]} 15. Qxe2
{[%clk 0:04:15]} Ne5 {[%clk 0:04:24]} 16. Nd3 {[%clk 0:04:00]} Nxf3+
{[%clk 0:04:24]} 17. gxf3 {[%clk 0:03:54]} Bh3 {[%clk 0:04:25]} 18. Kh1
{[%clk 0:03:34]} Bxf1 {[%clk 0:04:26]} 19. Rxf1 {[%clk 0:03:32]} Re8
{[%clk 0:04:27]} 20. Qb2 {[%clk 0:03:32]} Qh4 {[%clk 0:03:57]} 21. Rg1
{[%clk 0:03:31]} g6 {[%clk 0:03:55]} 22. Nf4 {[%clk 0:03:27]} Rad8
{[%clk 0:03:33]} 23. Rg4 {[%clk 0:03:25]} Qe7 {[%clk 0:03:31]} 24. Nh5
{[%clk 0:02:56]} f5 {[%clk 0:02:23]} 25. Nf6+ {[%clk 0:02:40]} Kf7
{[%clk 0:01:35]} 26. Nxe8 {[%clk 0:02:38]} fxg4 {[%clk 0:01:36]} 27. Nd6+
{[%clk 0:02:39]} Kg8 {[%clk 0:01:37]} 28. fxg4 b6 {[%clk 0:01:37]} 29. b4
{[%clk 0:02:30]} Qe6 {[%clk 0:01:04]} 30. Qd4 {[%clk 0:02:28]} Rf8
{[%clk 0:01:02]} 31. Kg2 {[%clk 0:02:27]} h5 {[%clk 0:00:39]} 32. h3
{[%clk 0:02:11]} Qf6 {[%clk 0:00:22]} 33. Qxd5+ {[%clk 0:02:08]} Kh7
{[%clk 0:00:23]} 34. Ne4 {[%clk 0:00:40]} Qf3+ {[%clk 0:00:24]} 35. Kg1
{[%clk 0:00:41]} Qe2 {[%clk 0:00:22]} 36. g5 {[%clk 0:00:34]} Qf3
{[%clk 0:00:12]} 37. Nf6+ {[%clk 0:00:30]} Rxf6 {[%clk 0:00:13]} 38. Qd7+ Rf7 39.
Qd4 {[%clk 0:00:26]} Qxh3 {[%clk 0:00:14]} 40. Qd5 {[%clk 0:00:26]} Qg4+
{[%clk 0:00:14]} 41. Kf1 {[%clk 0:00:27]} Qf5 {[%clk 0:00:12]} 42. Qd4
{[%clk 0:00:25]} Qxf2# {[%clk 0:00:13]} 0-1

[Event "US Cadet Championship Blitz"]
[Site "Manchester, NH"]
[Date "2017.08.17"]
[Round "9.4"]
[White "Titus, Andrew"]
[Black "Shen, Christopher"]
[Result "0-1"]
[BlackElo "2167"]
[WhiteElo "2131"]
[LiveChessVersion "1.4.8"]

1. e4 {[%clk 0:05:03]} e6 {[%clk 0:05:04]} 2. d4 {[%clk 0:05:04]} d5
{[%clk 0:05:05]} 3. Nd2 {[%clk 0:05:05]} c5 {[%clk 0:05:06]} 4. Ngf3
{[%clk 0:05:06]} cxd4 {[%clk 0:05:06]} 5. exd5 {[%clk 0:05:05]} Qxd5
{[%clk 0:05:08]} 6. Bc4 Qd6 7. O-O {[%clk 0:05:02]} Nf6 {[%clk 0:05:11]} 8. Nb3
{[%clk 0:05:04]} Nc6 {[%clk 0:05:12]} 9. Nbxd4 {[%clk 0:05:03]} Nxd4
{[%clk 0:05:13]} 10. Qxd4 {[%clk 0:05:01]} Qxd4 {[%clk 0:05:08]} 11. Nxd4
{[%clk 0:05:01]} a6 {[%clk 0:05:08]} 12. a4 {[%clk 0:04:58]} Bc5 {[%clk 0:05:05]}
13. Nf3 {[%clk 0:04:53]} O-O {[%clk 0:05:03]} 14. h3 {[%clk 0:04:52]} Bd7
{[%clk 0:04:57]} 15. Re1 {[%clk 0:04:50]} Bc6 {[%clk 0:04:40]} 16. Be3
{[%clk 0:04:41]} Bxe3 {[%clk 0:04:37]} 17. Rxe3 {[%clk 0:04:42]} Rfd8
{[%clk 0:04:36]} 18. Ne5 {[%clk 0:04:40]} Be4 {[%clk 0:04:31]} 19. Bb3
{[%clk 0:04:24]} Rac8 {[%clk 0:04:20]} 20. Rc1 {[%clk 0:04:05]} Rd2
{[%clk 0:04:14]} 21. g4 {[%clk 0:03:32]} h6 {[%clk 0:03:53]} 22. h4
{[%clk 0:03:02]} Bd5 {[%clk 0:03:44]} 23. g5 {[%clk 0:02:41]} hxg5
{[%clk 0:03:39]} 24. hxg5 {[%clk 0:02:41]} Ne4 {[%clk 0:03:06]} 25. Nf3
{[%clk 0:02:00]} Rxf2 {[%clk 0:02:51]} 26. Rxe4 {[%clk 0:01:49]} Rxf3
{[%clk 0:02:51]} 27. Bxd5 {[%clk 0:01:50]} exd5 {[%clk 0:02:52]} 28. Re5
{[%clk 0:01:51]} Rc4 {[%clk 0:02:35]} 29. Kg2 {[%clk 0:01:31]} Rff4
{[%clk 0:02:27]} 30. Rxd5 {[%clk 0:01:31]} Rxa4 {[%clk 0:02:26]} 31. b3
{[%clk 0:01:11]} Rad4 {[%clk 0:02:23]} 32. Rc5 {[%clk 0:01:04]} Rd6
{[%clk 0:02:05]} 33. Kg3 {[%clk 0:01:00]} Re4 {[%clk 0:01:58]} 34. Rh1
{[%clk 0:00:58]} Re8 {[%clk 0:01:05]} 35. Rc7 {[%clk 0:00:55]} Rc6
{[%clk 0:00:58]} 36. Rxc6 bxc6 {[%clk 0:00:59]} 37. Ra1 {[%clk 0:00:50]} Re2
{[%clk 0:00:49]} 38. c4 {[%clk 0:00:40]} Re5 {[%clk 0:00:33]} 39. Kf4
{[%clk 0:00:37]} f6 {[%clk 0:00:32]} 40. gxf6 {[%clk 0:00:38]} gxf6
{[%clk 0:00:31]} 41. Rxa6 {[%clk 0:00:39]} Re6 {[%clk 0:00:26]} 42. b4
{[%clk 0:00:24]} Kf7 {[%clk 0:00:24]} 43. Kf5 {[%clk 0:00:14]} Re5+
{[%clk 0:00:25]} 44. Kf4 {[%clk 0:00:15]} Re6 {[%clk 0:00:26]} 45. c5
{[%clk 0:00:13]} Ke7 {[%clk 0:00:16]} 46. Ra7+ {[%clk 0:00:12]} Kd8
{[%clk 0:00:12]} 47. Kf5 {[%clk 0:00:12]} Re5+ {[%clk 0:00:12]} 48. Kxf6
{[%clk 0:00:13]} Re4 {[%clk 0:00:13]} 49. Rb7 {[%clk 0:00:11]} Kc8
{[%clk 0:00:14]} 50. Rb6 {[%clk 0:00:12]} Kc7 {[%clk 0:00:15]} 51. Kf5
{[%clk 0:00:13]} Rc4 {[%clk 0:00:16]} 52. Ke5 {[%clk 0:00:14]} Rh4
{[%clk 0:00:16]} 53. Ke6 {[%clk 0:00:10]} Re4+ {[%clk 0:00:16]} 54. Kf5
{[%clk 0:00:11]} Rc4 {[%clk 0:00:17]} 55. Kg5 {[%clk 0:00:12]} Rd4
{[%clk 0:00:18]} 56. Kf5 {[%clk 0:00:13]} Rc4 {[%clk 0:00:19]} 57. Ke6
{[%clk 0:00:14]} Re4+ {[%clk 0:00:20]} 58. Kf5 {[%clk 0:00:16]} Rc4
{[%clk 0:00:21]} 59. Ke5 {[%clk 0:00:17]} Rh4 {[%clk 0:00:22]} 60. b5
{[%clk 0:00:10]} cxb5 {[%clk 0:00:18]} 61. Rxb5 {[%clk 0:00:11]} Kc6
{[%clk 0:00:19]} 62. Ra5 {[%clk 0:00:11]} Rh5+ {[%clk 0:00:20]} 63. Kd4
{[%clk 0:00:08]} Rh4+ {[%clk 0:00:21]} 64. Kc3 {[%clk 0:00:09]} Rh3+
{[%clk 0:00:20]} 65. Kd2 {[%clk 0:00:10]} Rh5 {[%clk 0:00:19]} 66. Ra6+
{[%clk 0:00:12]} Kb5 {[%clk 0:00:18]} 67. Ra2 {[%clk 0:00:10]} Rh2+
{[%clk 0:00:18]} 68. Kc3 {[%clk 0:00:08]} Rxa2 69. Kd4 Rd2+ {[%clk 0:00:19]} 70.
Kc3 {[%clk 0:00:11]} Rd8 {[%clk 0:00:19]} 71. Kd4 0-1

[Event "US Cadet Championship Blitz"]
[Site "Manchester, NH"]
[Date "2017.08.17"]
[Round "9.5"]
[White "Nguyen, Emily"]
[Black "Niemann, Hans"]
[Result "1-0"]
[BlackElo "2254"]
[WhiteElo "2110"]
[LiveChessVersion "1.4.8"]

1. d4 {[%clk 0:05:02]} b6 {[%clk 0:05:03]} 2. Nf3 {[%clk 0:04:53]} Bb7
{[%clk 0:05:04]} 3. g3 {[%clk 0:04:54]} f5 {[%clk 0:05:01]} 4. Bg2
{[%clk 0:04:53]} Nf6 {[%clk 0:05:02]} 5. O-O {[%clk 0:04:50]} e6 {[%clk 0:05:02]}
6. c4 {[%clk 0:04:48]} Be7 {[%clk 0:05:02]} 7. Nc3 {[%clk 0:04:49]} O-O
{[%clk 0:05:02]} 8. e3 {[%clk 0:04:25]} Qe8 {[%clk 0:05:02]} 9. b3
{[%clk 0:04:12]} h6 {[%clk 0:04:57]} 10. Bb2 {[%clk 0:04:06]} d6 {[%clk 0:04:57]}
11. d5 {[%clk 0:03:56]} e5 {[%clk 0:04:57]} 12. Nd2 {[%clk 0:03:41]} Nbd7
{[%clk 0:04:56]} 13. b4 {[%clk 0:03:41]} Rc8 {[%clk 0:04:54]} 14. Nb3
{[%clk 0:03:42]} g5 {[%clk 0:04:51]} 15. c5 {[%clk 0:03:02]} bxc5
{[%clk 0:04:45]} 16. bxc5 {[%clk 0:03:03]} dxc5 {[%clk 0:04:45]} 17. d6
{[%clk 0:03:00]} cxd6 {[%clk 0:04:30]} 18. Bxb7 {[%clk 0:03:00]} Rb8
{[%clk 0:04:32]} 19. Bd5+ {[%clk 0:02:51]} Kh8 {[%clk 0:04:30]} 20. Qd2
{[%clk 0:02:47]} Nb6 {[%clk 0:04:32]} 21. Rab1 {[%clk 0:02:25]} Qh5
{[%clk 0:04:33]} 22. Bg2 {[%clk 0:02:15]} d5 {[%clk 0:04:32]} 23. Qe2
{[%clk 0:02:04]} Qxe2 {[%clk 0:04:24]} 24. Nxe2 {[%clk 0:02:04]} Nc4
{[%clk 0:04:25]} 25. Ba1 {[%clk 0:01:57]} d4 {[%clk 0:04:04]} 26. exd4
{[%clk 0:01:56]} cxd4 {[%clk 0:04:05]} 27. Rbc1 {[%clk 0:01:47]} Rfc8
{[%clk 0:04:01]} 28. Rfd1 {[%clk 0:01:43]} Na3 {[%clk 0:03:34]} 29. f4
{[%clk 0:01:19]} Rxc1 {[%clk 0:03:29]} 30. Nexc1 {[%clk 0:01:14]} gxf4
{[%clk 0:03:12]} 31. gxf4 {[%clk 0:01:15]} Ng4 {[%clk 0:03:00]} 32. fxe5
{[%clk 0:01:11]} Ne3 {[%clk 0:03:00]} 33. Rd2 {[%clk 0:00:59]} Nac4
{[%clk 0:02:56]} 34. Re2 {[%clk 0:00:55]} f4 {[%clk 0:02:39]} 35. Bxd4
{[%clk 0:00:52]} Rg8 {[%clk 0:02:40]} 36. e6+ Kh7 37. Kh1 {[%clk 0:00:33]} h5
{[%clk 0:02:43]} 38. Be4+ {[%clk 0:00:32]} Kh6 {[%clk 0:02:45]} 39. Nd3
{[%clk 0:00:25]} a5 {[%clk 0:02:45]} 40. Nxf4 a4 {[%clk 0:02:28]} 41. Bxe3
{[%clk 0:00:25]} axb3 {[%clk 0:02:29]} 42. axb3 {[%clk 0:00:26]} Nxe3
{[%clk 0:02:29]} 43. Rxe3 {[%clk 0:00:26]} Bg5 {[%clk 0:02:30]} 44. Rf3
{[%clk 0:00:25]} Re8 {[%clk 0:02:32]} 45. Bd5 {[%clk 0:00:23]} Rd8
{[%clk 0:02:33]} 46. Bc4 {[%clk 0:00:22]} Rd1+ {[%clk 0:02:33]} 47. Kg2
{[%clk 0:00:23]} Rd2+ {[%clk 0:02:35]} 48. Kh3 {[%clk 0:00:23]} Rd4
{[%clk 0:02:34]} 49. Nd5 {[%clk 0:00:21]} Rh4+ {[%clk 0:02:30]} 50. Kg2
{[%clk 0:00:22]} Rg4+ {[%clk 0:02:32]} 51. Rg3 {[%clk 0:00:23]} Re4
{[%clk 0:02:33]} 52. Nc3 {[%clk 0:00:19]} Re5 {[%clk 0:02:33]} 53. Ne2
{[%clk 0:00:18]} h4 {[%clk 0:02:34]} 54. Rf3 {[%clk 0:00:19]} Kh5
{[%clk 0:02:32]} 55. Nd4 {[%clk 0:00:19]} Kg4 {[%clk 0:02:30]} 56. h3+
{[%clk 0:00:20]} Kh5 {[%clk 0:02:31]} 57. Rf5 {[%clk 0:00:20]} Re3
{[%clk 0:02:21]} 58. Nf3 {[%clk 0:00:19]} Rc3 {[%clk 0:02:21]} 59. Rxg5+
{[%clk 0:00:19]} Kh6 {[%clk 0:02:23]} 60. Re5 {[%clk 0:00:18]} Rc2+
{[%clk 0:02:24]} 61. Re2 {[%clk 0:00:19]} Rxe2+ {[%clk 0:02:24]} 62. Bxe2
{[%clk 0:00:20]} Kg6 {[%clk 0:02:26]} 63. Bb5 {[%clk 0:00:18]} Kf6
{[%clk 0:02:27]} 64. Nd4 {[%clk 0:00:19]} Ke5 {[%clk 0:02:27]} 65. e7
{[%clk 0:00:20]} Kxd4 {[%clk 0:02:28]} 66. e8=Q {[%clk 0:00:20]} Kc3
{[%clk 0:02:29]} 67. Qe3+ {[%clk 0:00:20]} Kb4 {[%clk 0:02:31]} 68. Bc4
{[%clk 0:00:20]} Ka3 {[%clk 0:02:32]} 69. Qa7+ {[%clk 0:00:20]} Kb2
{[%clk 0:02:33]} 70. Qd4+ {[%clk 0:00:20]} Ka3 {[%clk 0:02:35]} 71. Qc3
{[%clk 0:00:21]} Ka2 {[%clk 0:02:36]} 72. b4+ {[%clk 0:00:22]} Kb1
{[%clk 0:02:37]} 73. Bd3+ {[%clk 0:00:23]} Ka2 {[%clk 0:02:39]} 74. Qc2+
{[%clk 0:00:21]} Ka3 {[%clk 0:02:39]} 75. Qb1 {[%clk 0:00:22]} Ka4
{[%clk 0:02:40]} 76. b5 {[%clk 0:00:23]} Ka5 {[%clk 0:02:42]} 77. b6 Ka4 78. b7
{[%clk 0:00:23]} Ka5 {[%clk 0:02:45]} 79. b8=N {[%clk 0:00:19]} Ka4
{[%clk 0:02:46]} 80. Nc6 {[%clk 0:00:19]} Ka3 {[%clk 0:02:48]} 81. Nd4
{[%clk 0:00:18]} Ka4 {[%clk 0:02:49]} 82. Bb5+ {[%clk 0:00:19]} Ka5
{[%clk 0:02:50]} 83. Nc6+ {[%clk 0:00:19]} Kb6 {[%clk 0:02:52]} 84. Ba4+ Kc5 85.
Qc2+ {[%clk 0:00:20]} Kd6 {[%clk 0:02:55]} 86. Qf5 {[%clk 0:00:20]} Kc7
{[%clk 0:02:56]} 87. Qe6 {[%clk 0:00:20]} Kb6 {[%clk 0:02:58]} 88. Qc4
{[%clk 0:00:20]} Kc7 {[%clk 0:02:59]} 89. Ne5+ {[%clk 0:00:21]} Kd6
{[%clk 0:03:01]} 90. Qb5 {[%clk 0:00:20]} Ke6 {[%clk 0:03:02]} 91. Ng4
{[%clk 0:00:20]} Kd6 {[%clk 0:03:03]} 92. Qc6+ {[%clk 0:00:20]} Ke7
{[%clk 0:03:04]} 93. Qd7+ {[%clk 0:00:21]} Kf8 {[%clk 0:03:05]} 94. Ne5
{[%clk 0:00:19]} Kg8 {[%clk 0:03:06]} 95. Bb3+ {[%clk 0:00:19]} Kh8
{[%clk 0:03:06]} 96. Ng6# {[%clk 0:00:20]} 1-0